[Event "Match Sweden vs Denmark"]
[Site "Online"]
[Date "2020.12.08"]
[Round "6.4"]
[White "Johansson, Linus"]
[Black "Ochsner, Bjorn Moller"]
[Result "1-0"]
[WhiteElo "2486"]
[BlackElo "2505"]
[Annotator "TA"]
[PlyCount "109"]
[EventDate "2020.12.11"]
[EventType "team-tourn"]
[EventCountry "NET"]
[SourceTitle "playchess.com"]
[Source "ChessBase"]
[SourceQuality "1"]

{[%evp 10,109,0,0,4,-26,38,39,48,35,90,27,34,47,91,85,123,137,131,135,247,251,280,-132,-143,-121,-129,-135,-133,-136,-129,-138,-139,-152,0,0,546,-113,-122,-139,-139,-124,0,-106,-91,-94,-91,-120,-123,-158,-161,-160,-120,-183,-160,-215,-225,-217,-141,-125,-120,-154,-157,-279,-269,-339,-204,-264,-259,-256,-250,-244,-233,-226,-237,-226,-157,-170,-157,-231,-153,-371,-287,-266,22,39,45,74,163,131,29975,29976,29972,29973,29972,29974,29978,29979,29979,29980,29980,29979]} 1. d4 Nf6 2. c4 e6 3. Nc3 Bb4 4. Bd2 O-O 5. a3 Bxc3 6. Bxc3 b6 {E20: Nimzo-Indian: 4 g3 and 4 f3.} 7. f3 {[#]} c5 $146 (7... d5 $11) ({Predecessor:} 7... d5 8. e3 Ba6 9. Qb3 Nbd7 10. Nh3 c5 11. Rd1 Qc8 12. cxd5 Bxf1 13. Kxf1 Nxd5 {1-0 (56) Epishin,V (2557)-Van Foreest,L (2393) Bruges 2016}) 8. d5 $14 exd5 {White is slightly better.} 9. cxd5 Re8 (9... d6 $14) 10. Nh3 (10. e4 $16) 10... Bb7 11. Nf4 d6 12. e4 Nxe4 13. fxe4 Rxe4+ 14. Ne2 Qe7 (14... b5 $16) 15. Qd2 $18 Ba6 16. O-O-O $2 (16. Kf2 $18) 16... Bxe2 $17 17. Bxe2 Rxe2 18. Rde1 Rxe1+ $1 ({Don't go for} 18... Rxd2 $2 19. Rxe7 Re2 20. Rxe2 $18) 19. Rxe1 Qd8 20. Qf4 Na6 21. Qg4 {[%csl Gc3][%cal Rg4g7]} f6 $2 (21... g6 $17 {Strongly threatening ...Nc7.} 22. Qa4 Nc7) 22. Re6 $11 {And now Rxf6 would win.} Kh8 $2 {[%mdl 8192] [#]} (22... Kf8 $11 {and Black stays safe.}) 23. Qf4 $2 (23. Rxf6 $1 $18 {[%mdl 512] Threatening mate with Rf7.} Qg8 (23... gxf6 24. Qg5) 24. Rxd6) 23... Nc7 $1 $17 {[%csl LRd5,LRe6]} 24. Rxd6 Qe7 25. g4 Rd8 {[#]} (25... Kg8 $1 $17 26. g5 fxg5) 26. Rxd8+ (26. Rxf6 $1 $11 {[%mdl 512]} Nxd5 {[%mdl 64] Double Attack} (26... gxf6 27. Bxf6+) 27. Rf7 {[%mdl 64] Double Attack}) 26... Qxd8 27. d6 Ne8 $1 $36 {[%mdl 2048] Black has strong initiative.} 28. g5 Qxd6 ({Much weaker is} 28... Nxd6 $6 29. gxf6 Kg8 30. fxg7 $11) 29. Qe4 Qd7 30. h4 Qf7 31. Qf4 (31. Qa8 $17) 31... Kg8 $19 32. Qb8 (32. gxf6 $17 Nxf6 33. h5) 32... fxg5 33. hxg5 Qf1+ 34. Kc2 Qe2+ 35. Kb3 Qe7 36. Be5 (36. Qc8 $17) 36... Kf7 37. Kc4 Qd7 ({Resist} 37... Qxg5 38. Qxa7+ Qe7 39. Bb8 $19) 38. Kc3 Kg6 39. Bf4 Qd4+ 40. Kc2 Qe4+ 41. Kc1 Kf5 42. Bd2 Qc4+ 43. Kd1 Qa4+ 44. Ke2 (44. Kc1 $17) 44... Qe4+ 45. Kf2 $2 (45. Kd1 $17) 45... Qe5 46. Qxa7 Qxb2 $2 (46... Nd6 $1 $19 {[%cal Rd6e4] aiming for ...Ne4+.} 47. Qd7+ Ke4) 47. Qd7+ $11 {[%mdl 64] Double Attack} Ke4 $1 {Hoping for ...Qd4+.} 48. Qxe8+ Kd3 (48... Qe5 $16 49. Qxe5+ Kxe5) 49. Qe2+ $18 Kc2 $2 {[%mdl 8192] [#]} (49... Kd4 $16 50. a4 g6 51. Qe3+ Kd5 52. Qd3+ Kc6) 50. Ba5+ $1 {White mates.} Kb1 {[#]} 51. Qxb2+ $1 Kxb2 52. Bxb6 Kxa3 53. Bxc5+ Kb3 54. Bf8 g6 55. Ke3 {What a bad dream for Black.  Weighted Error Value: White=0.60/Black=0.68} 1-0

[Event "Match Sweden vs Denmark"]
[Site "Online"]
[Date "2020.12.08"]
[Round "6.5"]
[White "Haubro, Martin"]
[Black "Pantzar, Milton"]
[Result "1/2-1/2"]
[WhiteElo "2437"]
[BlackElo "2421"]
[Annotator "RC"]
[PlyCount "140"]
[EventDate "2020.12.11"]
[EventType "team-tourn"]
[EventCountry "NET"]
[SourceTitle "playchess.com"]
[Source "ChessBase"]
[SourceQuality "1"]
[TimeControl "600+5"]

1. e4 {[%emt 0:00:00]} c6 {[%emt 0:00:00]} 2. d4 {[%emt 0:00:00]} d5 {[%emt 0:00:00]} 3. e5 {[%emt 0:00:01]} c5 {[%emt 0:00:00]} 4. dxc5 {[%emt 0:00:00]} e6 {[%emt 0:00:00]} 5. a3 {[%emt 0:00:00]} Bxc5 {[%emt 0:00:00]} 6. b4 {[%emt 0:00:01]} Be7 {[%emt 0:00:05]} 7. Nf3 {[%emt 0:00:01]} a5 {[%emt 0:00:29]} 8. b5 {[%emt 0:00:03]} Nd7 {[%emt 0:00:03]} 9. Bd3 {[%emt 0:00:24]} Qc7 {[%emt 0:00:37]} 10. Qe2 {[%emt 0:00:16]} Nc5 {[%emt 0:00:45]} 11. O-O {[%emt 0:00:07]} Bd7 {[%emt 0:00:24]} 12. a4 {[%emt 0:00:04]} Rc8 {[%emt 0:00:31]} 13. Be3 {[%emt 0:00:11]} f6 {[%emt 0:00:35]} 14. Bf4 {[%emt 0:01:50]} f5 {[%emt 0:00:09]} 15. Nbd2 {[%emt 0:00:06]} Ne4 {[%emt 0:00:46]} 16. c4 {[%emt 0:00:36]} Bc5 {[%emt 0:02:16]} 17. cxd5 {[%emt 0:00:17]} Nc3 {[%emt 0:00:04]} 18. Qe1 {[%emt 0:00:12]} Nxd5 {[%emt 0:00:01]} 19. Bg3 {[%emt 0:00:11]} Bb4 {[%emt 0:00:35]} 20. Bxf5 {[%emt 0:01:55]} Nh6 {[%emt 0:00:07]} 21. Be4 {[%emt 0:00:11]} Nc3 {[%emt 0:00:23]} 22. Bd3 {[%emt 0:00:14]} O-O {[%emt 0:00:04]} 23. Nc4 {[%emt 0:00:46]} Nf5 {[%emt 0:00:18]} 24. Nd6 {[%emt 0:02:33]} Nxd6 {[%emt 0:00:45]} 25. exd6 {[%emt 0:00:00]} Bxd6 {[%emt 0:00:01]} 26. Ng5 {[%emt 0:00:06]} Bxg3 {[%emt 0:01:09]} 27. hxg3 {[%emt 0:00:00]} Qc5 {[%emt 0:00:56]} 28. Nxh7 {[%emt 0:01:16]} Rf7 {[%emt 0:00:02]} 29. Bg6 {[%emt 0:00:09]} Re7 {[%emt 0:00:35]} 30. Qd2 {[%emt 0:00:29]} Be8 {[%emt 0:00:15]} 31. Bxe8 {[%emt 0:00:05]} Kxh7 {[%emt 0:00:05]} 32. Qd3+ {[%emt 0:00:08]} Qf5 {[%emt 0:00:06]} 33. Qxf5+ {[%emt 0:00:15]} exf5 {[%emt 0:00:00]} 34. Bh5 {[%emt 0:00:01]} Rc4 {[%emt 0:00:05]} 35. Rfc1 {[%emt 0:00:02]} Rxa4 {[%emt 0:00:04]} 36. Rxa4 {[%emt 0:00:02]} Nxa4 {[%emt 0:00:00]} 37. Ra1 {[%emt 0:00:08]} Re4 {[%emt 0:00:03]} 38. Bf3 {[%emt 0:00:01]} Rb4 {[%emt 0:00:03]} 39. Bxb7 {[%emt 0:00:02]} Nc3 {[%emt 0:00:24]} 40. Bc6 {[%emt 0:00:06]} Nxb5 {[%emt 0:00:05]} 41. Rxa5 {[%emt 0:00:02]} Nd4 {[%emt 0:00:01]} 42. Bf3 {[%emt 0:00:02]} Rb3 {[%emt 0:00:06]} 43. Rd5 {[%emt 0:00:05]} Nxf3+ {[%emt 0:00:02]} 44. gxf3 {[%emt 0:00:00]} g6 {[%emt 0:00:12]} 45. Kg2 {[%emt 0:00:01]} Kh6 {[%emt 0:00:01]} 46. f4 {[%emt 0:00:02]} Kg7 {[%emt 0:00:05]} 47. Rd7+ {[%emt 0:00:01]} Kf6 {[%emt 0:00:01]} 48. Ra7 {[%emt 0:00:03]} Rb2 {[%emt 0:00:05]} 49. Ra6+ {[%emt 0:00:37]} Kf7 {[%emt 0:00:02]} 50. Ra3 {[%emt 0:00:01]} Kf6 {[%emt 0:00:03]} 51. Re3 {[%emt 0:00:02]} Ra2 {[%emt 0:00:02]} 52. Kf3 {[%emt 0:00:01]} Rb2 {[%emt 0:00:10]} 53. Re2 {[%emt 0:00:01]} Rb3+ {[%emt 0:00:02]} 54. Kg2 {[%emt 0:00:01]} Ra3 {[%emt 0:00:01]} 55. f3 {[%emt 0:00:01]} Ra4 {[%emt 0:00:02]} 56. Re3 {[%emt 0:00:04]} Ra2+ {[%emt 0:00:03]} 57. Kh3 {[%emt 0:00:01]} Ra4 {[%emt 0:00:02]} 58. Rb3 {[%emt 0:00:01]} Ra1 {[%emt 0:00:07]} 59. g4 {[%emt 0:00:04]} Rh1+ {[%emt 0:00:19]} 60. Kg2 {[%emt 0:00:02]} Ra1 {[%emt 0:00:02]} 61. Kf2 {[%emt 0:00:15]} Rc1 {[%emt 0:00:05]} 62. Ke3 {[%emt 0:00:05]} Re1+ {[%emt 0:00:05]} 63. Kd4 {[%emt 0:00:01]} Rd1+ {[%emt 0:00:07]} 64. Rd3 {[%emt 0:00:02]} Ra1 {[%emt 0:00:09]} 65. Kd5 {[%emt 0:00:10]} Ra5+ {[%emt 0:00:09]} 66. Kd6 {[%emt 0:00:04]} Ra6+ {[%emt 0:00:06]} 67. Kd7 {[%emt 0:00:06]} Ra4 {[%emt 0:00:17]} 68. g5+ {[%emt 0:00:20]} Kf7 {[%emt 0:00:01]} 69. Kd6 {[%emt 0:00:09]} Ra6+ {[%emt 0:00:20]} 70. Ke5 {[%emt 0:00:12]} Ra7 {[%emt 0:00:01]} 1/2-1/2